00587nam a2200169 a 450000100100000000500170001000800410002704000250006808200150009310000370010824500590014526000450020430000290024904900090027895201130028799900170040000003030820200930060223.0110509s1989 dr a 000 0 spa d aDO-SdBNPbspacBNPHU axxxbA742p1 aArnáiz, Francisco José9696013aEl padre Veiga 1932-1989 /cFrancisco José Arnáiz. aSanto Domingo :bAmigo del Hogar,c1989. a17 p. :bretr. ;c21 cm. aBNPD 0010718PDaPDbPDcCTd2011-05-09iLF1l0oxxx A742pp30308-10r2020-06-25w2020-06-25yLFPDZNo se presta c29800d29800